000 00407nam a2200157Ia 4500
005 20260417150920.0
008 260417s9999||||xx |||||||||||||| ||und||
020 _a9780511497742
041 _aeng
100 _aSchneider
245 0 _aHorror film and psychoanalysis
260 _bCambridge, Cambridge,
_c2009
650 _aMedia & Communication
856 _u10.1017/CBO9780511497742
942 _cE-BOOK
999 _c50683
_d50683